| 000 -ლიდერი |
| ფიქსირებული სიგრძის საკონტროლო ველი |
01301nam a2200265Ia 4500 |
| 001 - საკონტროლო ნომერი |
| საკონტროლო ველი |
2866 |
| 003 - საკონტროლო ნომრის იდენტიფიკატორი |
| საკონტროლო ველი |
GE_BSU |
| 005 - ბოლო ოპერაციის თარიღი და დრო |
| საკონტროლო ველი |
20190613142824.0 |
| 008 - ფიქსირებული სიგრძის მონაცემთა ელემენტები - ზოგადი ინფორმაცია |
| ფიქსირებული სიგრძის საკონტროლო ველი |
181216s2012||||ge |||||||||||||| ||geo|| |
| 020 ## - წიგნის საერთაშორისო სტანდარტული ნომერი |
| International Standard Book Number |
97899414126 |
| 040 ## - კატალოგიზაციის წყარო |
| Transcribing agency |
GE_BSU |
| 041 ## - ენის კოდი |
| Language code of text/sound track or separate title |
geo |
| 080 ## - უნივერსალური ათობითი კლასიფიკაციის ინდექსი |
| Universal Decimal Classification number |
531.1 ფ–98 |
| 100 ## - მთავარი ჩანაწერი - პიროვნების სახელი |
| Personal name |
ფუტკარაძე, გ. |
| 9 (RLIN) |
2474 |
| 245 ## - ცნობა სათაურის შესახებ |
| Title |
თეორიული მექანიკა (კინემატიკა) : |
| Remainder of title |
ინდივიდუალური დავალებების კრებული / |
| Statement of responsibility, etc |
გ. ფუტკარაძე, თ. თურმანიძე ; რედ. მიხეილ დონაძე ; ბათუმის შოთა რუსთაველის სახელმწ. უნ-ტი. |
| 264 ## - წარმოების, გამოცემის, დისტრიბუციის და სხვა ცნობები |
| გამოცემის, წარმოების, დისტრიბუციის... ადგილი |
ბათუმი : |
| გამოცემის, წარმოების, დისტრიბუციის... სახელწოდება |
შოთა რუსთაველის სახელმწ. უნ-ტი, |
| გამოცემის, წარმოების, დისტრიბუციის... თარიღი |
2012. |
| 300 ## - ფიზიკური აღწერა |
| Extent |
77 გვ. : |
| Other physical details |
ნახ. ; |
| Dimensions |
20 სმ. |
| 653 ## - INDEX TERM--UNCONTROLLED |
| Uncontrolled term |
ფიზიკა |
| 653 ## - INDEX TERM--UNCONTROLLED |
| Uncontrolled term |
თეორიული მექანიკა |
| 653 ## - INDEX TERM--UNCONTROLLED |
| Uncontrolled term |
კინემატიკა |
| 700 ## - ADDED ENTRY--PERSONAL NAME |
| Personal name |
თურმანიძე, თ. |
| Relator term |
ავტორი |
| 9 (RLIN) |
2475 |
| 700 ## - ADDED ENTRY--PERSONAL NAME |
| Personal name |
დონაძე, მ. |
| Relator term |
რედაქტორი |
| 9 (RLIN) |
1758 |
| 710 ## - ADDED ENTRY--CORPORATE NAME |
| Corporate name or jurisdiction name as entry element |
ბსუ |
| 9 (RLIN) |
2476 |
| 942 ## - ADDED ENTRY ELEMENTS (KOHA) |
| Koha item type |
წიგნი |
| Source of classification or shelving scheme |
|